The last days of Jesus. (Record no. 7605)

000 -LEADER
fixed length control field 00671nam a2200193 a 4500
001 - CONTROL NUMBER
control field :::00005366$&:&@@
003 - CONTROL NUMBER IDENTIFIER
control field OkBaRHE
005 - DATE AND TIME OF LATEST TRANSACTION
control field 20000607103325.0
008 - FIXED-LENGTH DATA ELEMENTS--GENERAL INFORMATION
fixed length control field s1981 j 000 0 eng u
040 ## - CATALOGING SOURCE
Transcribing agency
100 1# - MAIN ENTRY--PERSONAL NAME
Personal name Moore, T. V.
245 14 - TITLE STATEMENT
Title The last days of Jesus.
Statement of responsibility, etc The appearances of our Lord during the forty days between the resurrection and ascension.
260 ## - PUBLICATION, DISTRIBUTION, ETC. (IMPRINT)
Place of publication, distribution, etc Edinburgh, UK:ST., :
Name of publisher, distributor, etc Banner of Truth Trust
Date of publication, distribution, etc 1981
300 ## - PHYSICAL DESCRIPTION
Extent 212 p. ;
Dimensions 18 cm.
650 ## - SUBJECT ADDED ENTRY--TOPICAL TERM
Topical term or geographic name as entry element Jesus Christ
General subdivision Ascension
650 ## - SUBJECT ADDED ENTRY--TOPICAL TERM
Topical term or geographic name as entry element Jesus Christ
General subdivision Resurrection
942 ## - ADDED ENTRY ELEMENTS (KOHA)
Source of classification or shelving scheme
Koha item type Books
Copies
Koha item type Permanent Location Damaged status Copy number Not for loan Date last seen Lost status Withdrawn status Price effective from Shelving location Date acquired Source of classification or shelving scheme Barcode Full call number
BooksRHEMA Bible Training College 1 2010-04-14  2010-04-14General Stacks2010-04-14 5366BT 481 .M57